Les 15 pays dans lesquels les femmes se marient les plus jeunes - Statistiques

Statistiques générales
  • Ce quiz a été pris 193 fois
  • Le résultat moyen est 9 sur 15
Statistiques - réponses
Hint Réponse % Correct
Afrique Mali
79%
Afrique Niger
77%
Afrique Somalie
75%
Afrique Ethiopie
70%
Afrique Nigeria
70%
Afrique Tchad
63%
Afrique Guinée
56%
Afrique Erythrée
54%
Afrique Soudan-du-Sud
54%
Afrique Burkina Faso
50%
Afrique Madagascar
48%
Afrique Mozambique
45%
Afrique Centrafrique
44%
Afrique Malawi
42%
Asie Bangladesh
41%
Aucun quiz correspondant
Distribution des résultats
% des personnes avec chaque résultat
Percentile par nombre de réponses
Votre historique - résultats
Vous n’avez pas pris ce quiz